Heroes of World War2 [

Bibliographic Details
Main Author: Murphy, Edwold F
Format: Book
Published: Novato,Ca. : Presidiotress , 1990
Subjects:

MARC

LEADER 00000cam a2200000 7i4500
001 0000004110
002 000004422
005 20000330.0
020 |a 0891413677 
090 0 0 |a 940.5412730922   |b MUR 
100 1 |a Murphy, Edwold F 
245 1 0 |a Heroes of World War2 [  |h Edworld F.Murphy] 
260 |a Novato,Ca. :   |b Presidiotress ,   |c 1990 
300 |a 365p. ;   |c 22cm. 
650 0 0 |a United States   |x Armed Forces   |x Biography 
650 0 0 |a World War,1939-1945   |x Biography 
999 |a 033418   |b BUKU   |c PINJAMAN   |e PERPUSTAKAAN KOMUNITI PETALING JAYA